Central Library OPAC University of Rajshahi

The festivals of Bangladesh / (Record no. 940)

MARC details
000 -LEADER
fixed length control field 00835cam a2200241 a 4500
001 - CONTROL NUMBER
control field 940
003 - CONTROL NUMBER IDENTIFIER
rucl marc code BD-RjUL
005 - DATE AND TIME OF LATEST TRANSACTION
control field 20211208233243.0
008 - FIXED-LENGTH DATA ELEMENTS--GENERAL INFORMATION
fixed length control field 150226r20071996bg 000 0 eng
020 ## - INTERNATIONAL STANDARD BOOK NUMBER
International Standard Book Number 9848127097
035 ## - SYSTEM CONTROL NUMBER
System control number (BD-RjUL)962
040 ## - CATALOGING SOURCE
Original cataloging agency DLC
Transcribing agency CWR
Modifying agency OCL
-- IGA
-- IaU
-- MBU-L
-- BD-RjUL
Language of cataloging eng
041 ## - LANGUAGE CODE
Language code of text/sound track or separate title eng
082 04 - DEWEY DECIMAL CLASSIFICATION NUMBER
Edition number 21
Classification number 394.26095492
Author mark and year MAF 2007
100 ## - MAIN ENTRY--PERSONAL NAME
Personal name Mamoon, Muntassir
9 (RLIN) 116198
245 ## - TITLE STATEMENT
Title The festivals of Bangladesh /
Statement of responsibility, etc. Muntassir Mamoon ; translated from Bengali by Rajoshi Ghosh.
260 ## - PUBLICATION, DISTRIBUTION, ETC. (IMPRINT)
Place of publication, distribution, etc. Dhaka, Bangladesh :
Name of publisher, distributor, etc. International Centre for Bengal Studies : Distributor, University Press,
Date of publication, distribution, etc. 1996 [reprint 2007].
300 ## - PHYSICAL DESCRIPTION
Pagination 144 p. ;
Size 22 cm.
650 ## - SUBJECT ADDED ENTRY--TOPICAL TERM
Topical term or geographic name as entry element Festivals
Geographic subdivision Bangladesh.
9 (RLIN) 116199
Topical term or geographic name as entry element Fasts and feasts
Geographic subdivision Bangladesh.
9 (RLIN) 116200
700 ## - ADDED ENTRY--PERSONAL NAME
Personal name Ghosh, Rajoshi
942 ## - ADDED ENTRY ELEMENTS (KOHA)
Source of classification or shelving scheme Dewey Decimal Classification
Koha item type Books
Holdings
Lost status Source of classification or shelving scheme Damaged status Not for loan Collection code Permanent Location Current Location Shelving location Date acquired Source of acquisition Cost, normal purchase price Total Checkouts Full call number Date last seen Copy number Koha item type
  Dewey Decimal Classification   Not For Loan Non-fiction Central Library, University of Rajshahi Central Library, University of Rajshahi Reading Room 23/07/2014 Chittagong, Battighar 225.00   394.26095492 MAF 2007 26/02/2015 C-1 Books